| 000 | 00361nam a22001337a 4500 | ||
|---|---|---|---|
| 008 | 230623b xxu||||| |||| 00| 0 eng d | ||
| 020 | _a1897621140 | ||
| 082 |
_a330 _bOSO 1993 |
||
| 245 | _aRevenue Productivity Implications of Tax Reform in Tanzania | ||
| 260 |
_bAfrican Economic Research Consortium _c1993 |
||
| 300 | _a34p | ||
| 440 | _n20 | ||
| 942 |
_2ddc _cBK |
||
| 999 |
_c2397 _d2397 |
||